Literary Characters Fill-in-the-Blank Quiz Stats

 Plays Quiz Updated Oct 18, 2016

Also try: Literary Surnames
Challenge
Share
Tweet
Embed
Score 0/30 Timer 04:00
3 Plays Today
Characters Name Missing Name % Correct
Ebenezer ______ Scrooge
91.2%
Sherlock ______ Holmes
90.2%
______ LecterHannibal
86.4%
Atticus ______Finch
83.6%
Bilbo ______ Baggins
83%
James ______ Bond
83%
Scarlett ______O'Hara
77%
Holden ______Caulfield
69.5%
Holly ______ Golightly
51.2%
______ BuchananDaisy or Tom
49.9%
______ PoirotHercule
45.9%
Elizabeth ______Bennet
44.9%
______ PanzaSancho
40.2%
______ HumbertHumbert
34.2%
Jo ______ March
33.5%
Characters Name Missing Name % Correct
______ MarlowePhilip
30.2%
______ SalanderLisbeth
27.4%
Arthur ______ Dent
26.4%
Peter ______Pevensie
20.5%
______ CrossAlex
20%
Patrick ______Bateman
18.6%
______ SilvertongueLyra
15.9%
______ DedalusStephen
14.6%
Ponyboy ______ Curtis
13.9%
Guy ______Montag
11.7%
Howard ______Roark
10.9%
______ FlyteSebastian
8.5%
Randall ______Flagg
8%
Duke Leto ______Atreides
6.1%
Willie ______ Stark
4.5%

You're not logged in!

Compare scores with friends on all Sporcle quizzes.
Join for Free
OR
Log In

You Might Also Like...

Show Comments

Extras

Top Quizzes Today


Score Distribution

Your Account Isn't Verified!

In order to create a playlist on Sporcle, you need to verify the email address you used during registration. Go to your Sporcle Settings to finish the process.

Report this User

Report this user for behavior that violates our Community Guidelines.

Details: